Dos 5 : Consulta Instantanea / Robert M. Thomas (Registro nro. 13271)
[ vista simple ]
| 000 -LÍDER | |
|---|---|
| fixed length control field | 00617nam a2200169 4500 |
| 008 - ELEMENTOS DE LONGITUD FIJA -- INFORMACIÓN GENERAL | |
| fixed length control field | 0 1992 0z 000 0MEX |
| 020 ## - NÚMERO INTERNACIONAL NORMALIZADO PARA LIBROS | |
| ISBN | 968-6346-66-X |
| 050 ## - SIGNATURA TOPOGRAFICA DE LA BIBLIOTECA DEL CONGRESO (LC) | |
| Número de Clasificación | QA76 76063 T46518 |
| 082 ## - NUMERO DE CLASIFICACION DECIMAL DEWEY | |
| Número de Clasificación | 001.64 T773d |
| 100 ## - ASIENTO PRINCIPAL--NOMBRE PERSONAL | |
| Nombre personal | Thomas, Robert M. |
| 245 ## - TÍTULO | |
| Título | Dos 5 : Consulta Instantanea / Robert M. Thomas |
| 260 ## - PUBLICACIÓN, DISTRIBUCIÓN, ETC. (PIE DE IMPRENTA) | |
| Lugar de publicación, distribución, etc. | Mêxico : Ventura Ediciones |
| 300 ## - DESCRIPCIÓN FÍSICA | |
| Extensión | xx, 316 p. / 20.5 cm. |
| 500 ## - NOTA GENERAL | |
| Nota general | Incluye Indice |
| 650 ## - ASIENTO SECUNDARIO DE MATERIA - TERMINO TEMÁTICO | |
| Término temático o nombre geográfico como elemento de entrada | 1.SISTEMAS OPERACIONALES ( COMPUTADORAS ) 2.PC-DOS ( ARCHIVO PARA COMPUTADORA ) 3.MC-DOS ( ARCHIVO PARA COMPUTADORAS ) |
| 700 ## - ASIENTO SECUNDARIO - NOMBRE PERSONAL | |
| Nombre personal | Cardenas, Agustîn, Tr. \ Jaime Schlittler, Tr. |
| No. biblioteca | No. biblioteca | Número de clasificación | Código de barras/Número de adquisición | Número de copia | Tipo de material |
|---|---|---|---|---|---|
| LUIS G. INCLAN | LUIS G. INCLAN | 001.64 T773d | 25004 | 4 | Libros |
